000 00673nam a2200217Ia 4500
001 3154
003 GE_BSU
008 181216s||||||||xx |||||||||||||| ||und||
020 _a521103712Х
040 _cGE_BSU
080 _a331(075.)
245 _aЭкономика труда и социально- трудовые отношения
245 _cПод. ред. Г.Г.Моликьяна, Р.П. Колосовой.
260 _aМосква
260 _bМГУ, Черо
260 _c1996
300 _a623 ст.
541 _h20 Л. 10Т.
653 _aЭкономика труда и социально-трудовые отношения
942 _cBK
999 _c37198
_d37198